000 00580nam a2200205Ia 4500
005 20250923144647.0
008 008 250917s9999 xx 000 0 eng d
037 _aTextual
040 _aDSWL
_beng
_cDSWL
041 _aeng
_2eng
084 _aY172:1.12.2611:N5, J9
_qDSWL
100 _aElwin, Verrier
_9827104
245 2 _aA philosophy for Nefa
_cby Verrier Elwin
260 _aShillong .
_bShillong .
_c1959
300 _a296p.
365 _aINR
_b5
925 _g5
942 _cTEXL
_hY172:1.12.2611:N5, J9
999 _c1441741
_d1441741